=LDR 00000nam 2200000 4500 =001 INLIS000000000028154 =990 ##$$a 00093267 =005 20200407111203 =990 ##$$a 49.722/Pb-92 =035 ##$$a 0010-061300000028154 =990 ##$$a 49.723/Pb-92 =008 200407################g##########0#ind## =990 ##$$a 81230/Pro.95 =041 ##$$a Ind =990 ##$$a 81.232/Pro-95 =082 ##$$a 2x1.6 =990 ##$$a 00084756 =090 ##$$a 2X0.0002, Ars-s =990 ##$$a 72.574/pro.94 =100 1#$$a Arsyad M. Natsir =245 1#$$a Seputar Al-Quran Hadis dan Ilmu, /$c M. Natsir Arsyad =260 ##$$a Bandung :$b Al-Bayan,$c 1992 =300 ##$$a 155 hlm., : $b Ilus. ; $c 14 x 20 cm =650 #4$$a Quran dan Hadis =850 ##$$a NBPNMAT =084 ##$$a 2x1.6 ARS s =250 ##$$a cet.1 =990 ##$$a 81.232/Pro-95 =990 ##$$a 00084756 =990 ##$$a 00093267 =990 ##$$a 49.722/Pb-92 =990 ##$$a 81.232/Pro-95 =990 ##$$a 00084756 =990 ##$$a 00093267 =990 ##$$a 49.722/Pb-92 =990 ##$$a 81.232/Pro-95 =990 ##$$a 00084756 =990 ##$$a 00093267 =990 ##$$a 49.723/Pb-92 =990 ##$$a 49.722/Pb-92 =990 ##$$a 81.232/Pro-95 =990 ##$$a 00084756 =990 ##$$a 00093267 =990 ##$$a 49.723/Pb-92 =990 ##$$a 49.722/Pb-92 =990 ##$$a 81.232/Pro-95 =990 ##$$a 00084756 =990 ##$$a 00093267 =990 ##$$a 81230/Pro.95 =990 ##$$a 49.722/Pb-92 =990 ##$$a 49.723/Pb-92 =990 ##$$a 81.232/Pro-95 =990 ##$$a 00084756 =990 ##$$a 00093267 =990 ##$$a 81230/Pro.95 =990 ##$$a 49.722/Pb-92 =990 ##$$a 49.723/Pb-92 =990 ##$$a 81.232/Pro-95 =990 ##$$a 00084756 =990 ##$$a 00093267 =990 ##$$a 05010501 =990 ##$$a 72.574/pro.94 =990 ##$$a 49.722/Pb-92 =990 ##$$a 49.723/Pb-92 =990 ##$$a 81230/Pro.95 =990 ##$$a 81.232/Pro-95 =990 ##$$a 00084756 =990 ##$$a 00093267